01857 a2200181 45000010006000000050017000060080041000230030015000640400040000790800031001192450066001500200022002162640108002383000019003465051230003651000061015957000019016565678520260407155831.0260407a2008 arg spa dAR-UNSa-BCEJYS aAR-UNSa-BCEJYSbspacAR-UNSa-BCEJYS a330xEconomía en general10a15º Jornadas de Epistemología de las Ciencias Económicas a978-950-29-1181-6 1aBuenos Aires :bCIECE (Centro de Investigación en Epistemología de las Ciencias Económicas)c2008 a249 p.c20 cm. a1. El lugar de la economía en el conjunto de las ciencias, por Alicea Gianella – 2. ¿Es la economía ecológica un nuevo paradigma en las ciencias económicas? Una respuesta negativa – 3.La metodología de Friedman y una consecuencia importante para la escuela austriaca de la economía – 4. Algunas dificultades del razonamiento económico. La resolución Platónica de las leyes de la falacia del bien común – 5.Operationalizing Sen’s capability approach by some aristotelian principles – 6.Mas allá de la falacia de Adam: la debacle de las dicotomías – 7.Una ética de mínimos para la empresa – 8.Etica, economía y cambio climático: ¿puede el análisis económico ayudar a resolver dilemas éticos? – 9.El teorema de Arrow y los conjuntos de las operaciones – 10.Condiciones de posibilidades para la equivalencia entre mecanismos de agregación de argumentos de entornos sociales – 11.La utilidad como índice de estado final o de cambio en relaciones a un punto de referencia - 12.Apuntes para la microeconomía de capitalismo – 13. ¿Cuál es la importancia de una teoría normativa de la decisión racional? – 14.La controversia entre Fisher y Neyman.1 aJornadas de Epistemología de las Ciencias Económicas1 aWeisman, Diego